000 00549nam a2200193Ia 4500
008 090124s9999 xx 000 0 und d
082 _b126952
100 _aहॉकी रेमंड
245 _a वाईल्ड कार्ड
250 _a1
260 _c1996
300 _a214
600 _aहॉकी रेमंड
630 _a वाईल्ड कार्ड
700 _aमांडे अरुण
700 _aहॉकी रेमंड
730 _a वाईल्ड कार्ड
942 _cBOOK
999 _c173041
_d173041